Countries in africa - Statistics

General Stats
  • This quiz has been taken 61 times
  • The average score is 12 of 17
Answers on the Grid
Answers color-coded by a green-red scale on the quiz's grid according to % correct below.
Angola
Nigeria
Antigua
Eritrea
Kiribati
Namibia
Turkey
Lesotho
Equatorial guinea
Cambodia
Brunei
Rwanda
Vanuatu
Qatar
Zimbabwe
Sweden
Chad
Tanzania
Tuvalu
Belgium
Slovenia
Burundi
Panama
Tunisia
Burma
Azerbaijan
Malawi
Trinidad and tobago
Gabon
Sudan
Lithuania
Sierra leone
Burkina faso
 
Answer Stats
Answer % Correct
Nigeria
95%
Angola
87%
Eritrea
79%
Namibia
72%
Gabon
69%
Sierra leone
69%
Equatorial guinea
67%
Lesotho
67%
Sudan
67%
Burkina faso
64%
Chad
64%
Rwanda
64%
Zimbabwe
64%
Tanzania
62%
Tunisia
62%
Burundi
56%
Malawi
56%
No matching quizzes found
Score Distribution
Percent of People with Each Score
Percentile by Number Answered
Your Score History
You have not taken this quiz